[Event "EU-ch Amateur Online Final 2000/2300"]
[Site "Tornelo INT"]
[Date "2021.04.28"]
[Round "3"]
[White "Kouskoutis, Georgios Alexandros"]
[Black "Sirp, Karl Aleksander"]
[Result "1-0"]
[WhiteElo "2231"]
[BlackElo "1928"]
[PlyCount "43"]
[EventDate "2021.04.28"]
[EventType "swiss (rapid)"]
[EventRounds "9"]
[EventCountry "NET"]
[SourceTitle "EXT 2023"]
[Source "ChessBase"]
[SourceDate "2022.10.05"]
[SourceVersion "1"]
[SourceVersionDate "2022.10.05"]
[SourceQuality "1"]

1. c4 Nf6 2. g3 g6 3. Bg2 Bg7 4. Nc3 0-0 5. e4 d6 6. Nge2 Nc6 7. 0-0 e5 8. d3 Bg4 9. f3 Be6 10. h3 h5 11. f4 exf4 12. gxf4 Nh7 13. f5 Bd7 14. Nd5 Nd4 15. f6 Nxe2+ 16. Qxe2 Bxf6 17. Nxf6+ Nxf6 18. Bg5 c6 19. Bxf6 Qb6+ 20. Kh1 Kh7 21. Be7 Qxb2 22. Qxb2 1-0

[Event "Viljandi Raud Memorial 50th"]
[Site "Viljandi"]
[Date "2016.07.05"]
[Round "9"]
[White "Narva, Triin"]
[Black "Sirp, Karl Aleksander"]
[Result "1-0"]
[WhiteElo "2065"]
[BlackElo "1895"]
[PlyCount "107"]
[EventDate "2016.06.27"]
[EventType "swiss"]
[EventRounds "9"]
[EventCountry "EST"]
[SourceTitle "CBM 173 Extra"]
[Source "ChessBase"]
[SourceDate "2016.08.29"]
[SourceVersion "1"]
[SourceVersionDate "2016.08.29"]
[SourceQuality "1"]

1. e4 e5 2. Nc3 Nc6 3. g3 Nf6 4. Bg2 Be7 5. d3 0-0 6. Nge2 d6 7. 0-0 Nb8 8. f4 c6 9. h3 b5 10. a3 Nbd7 11. g4 exf4 12. Nxf4 Bb7 13. d4 Ne8 14. Nce2 g6 15. Qd3 Bf6 16. c3 Nb6 17. Qf3 Bg7 18. Qg3 Qe7 19. Bf3 Nc7 20. Nd3 Rad8 21. Bf4 Ne6 22. Rad1 Nxf4 23. Nexf4 Bf6 24. Ng2 Nc4 25. h4 Bg7 26. Qf2 Rfe8 27. b3 Nb6 28. b4 Nc4 29. Rfe1 Qc7 30. h5 Re7 31. Re2 Bc8 32. Qh4 Rde8 33. Ngf4 Qd8 34. Rh2 g5 35. Qxg5 h6 36. Qh4 Rc7 37. Qg3 Bf6 38. Nh3 Bg5 39. Nxg5 Qxg5 40. Re2 Kh8 41. e5 Rce7 42. Rde1 d5 43. Nf4 Nxa3 44. Nh3 Qg7 45. Qf4 Nc4 46. Kh2 Nb6 47. g5 Bxh3 48. gxh6 Qf8 49. Kxh3 Re6 50. Bg4 Rxh6 51. Rf1 Re7 52. Qg5 Rc7 53. e6 Rh7 54. Qe5+ 1-0

[Event "Viljandi Raud Memorial 50th"]
[Site "Viljandi"]
[Date "2016.07.01"]
[Round "5"]
[White "Sirp, Karl Aleksander"]
[Black "Linroos, Monika"]
[Result "1-0"]
[WhiteElo "1895"]
[BlackElo "1659"]
[PlyCount "55"]
[EventDate "2016.06.27"]
[EventType "swiss"]
[EventRounds "9"]
[EventCountry "EST"]
[SourceTitle "CBM 173 Extra"]
[Source "ChessBase"]
[SourceDate "2016.08.29"]
[SourceVersion "1"]
[SourceVersionDate "2016.08.29"]
[SourceQuality "1"]

1. e4 e5 2. Bc4 h6 3. d4 exd4 4. Nf3 d6 5. Qxd4 Nc6 6. Qe3 Ne5 7. Nxe5 dxe5 8. 0-0 Nf6 9. Qb3 Qe7 10. Nc3 c6 11. a4 g5 12. Be3 Nd7 13. Ne2 Bg7 14. Rad1 0-0 15. g3 c5 16. a5 a6 17. Nc3 Nf6 18. Qb6 Nd7 19. Qc7 Qd8 20. Qxd8 Rxd8 21. Bxc5 Bf6 22. Be3 Nf8 23. Nd5 Kg7 24. Nxf6 Rxd1 25. Ne8+ Kg8 26. Rxd1 Be6 27. Nc7 Rc8 28. Nxe6 1-0

[Event "Viljandi Raud Memorial 50th"]
[Site "Viljandi"]
[Date "2016.06.30"]
[Round "4"]
[White "Smorodkin, Kirill"]
[Black "Sirp, Karl Aleksander"]
[Result "0-1"]
[WhiteElo "1588"]
[BlackElo "1895"]
[PlyCount "80"]
[EventDate "2016.06.27"]
[EventType "swiss"]
[EventRounds "9"]
[EventCountry "EST"]
[SourceTitle "CBM 173 Extra"]
[Source "ChessBase"]
[SourceDate "2016.08.29"]
[SourceVersion "1"]
[SourceVersionDate "2016.08.29"]
[SourceQuality "1"]

1. e4 e5 2. Nf3 Nc6 3. d4 Nxd4 4. Nxd4 exd4 5. Qxd4 Qf6 6. Qc3 Qxc3+ 7. Nxc3 Bb4 8. Bd2 Ne7 9. Bc4 a6 10. 0-0 0-0 11. a3 Bc5 12. Bf4 d6 13. Bg5 Re8 14. Rad1 Be6 15. Bxe6 fxe6 16. Rd3 Nc6 17. Rg3 Rf8 18. h4 Ne5 19. Ne2 Kh8 20. b4 Ba7 21. h5 Nc4 22. h6 g6 23. Rc3 b5 24. Nf4 Rae8 25. Nh3 d5 26. e5 Bd4 27. Bf6+ Rxf6 28. Rxc4 Bxe5 29. Rc6 Ra8 30. Ng5 Bd6 31. Re1 a5 32. Rxe6 Rxe6 33. Nxe6 Re8 34. Ra6 Kg8 35. bxa5 Rxe6 36. Ra8+ Kf7 37. Kf1 Re8 38. Ra7 Ke6 39. a6 Kd7 40. f3 Bg3 0-1

[Event "EU-ch U16 25th"]
[Site "Porec"]
[Date "2015.09.29"]
[Round "8"]
[White "Karpus, Michal"]
[Black "Sirp, Karl Aleksander"]
[Result "1-0"]
[WhiteElo "2303"]
[BlackElo "1856"]
[PlyCount "119"]
[EventDate "2015.09.21"]
[EventType "swiss"]
[EventRounds "9"]
[EventCountry "CRO"]
[SourceTitle "EXT 2016"]
[Source "ChessBase"]
[SourceDate "2015.10.08"]
[SourceVersion "1"]
[SourceVersionDate "2015.10.08"]
[SourceQuality "1"]

1. e4 e5 2. Nf3 Nc6 3. Bc4 Bc5 4. c3 Nf6 5. d3 0-0 6. 0-0 d5 7. exd5 Nxd5 8. a4 a6 9. a5 b5 10. axb6 Nxb6 11. Bg5 Be7 12. Bxe7 Qxe7 13. Nbd2 Rd8 14. Re1 Nxc4 15. Nxc4 f6 16. Qe2 Qc5 17. b4 Qd5 18. Rad1 Bg4 19. Qe4 Qxe4 20. dxe4 Be6 21. Ne3 Ne7 22. Rxd8+ Rxd8 23. Ra1 Rd6 24. Kf1 Kf7 25. Ke2 Nc8 26. Nd5 Bxd5 27. exd5 Rxd5 28. Rxa6 Nb6 29. Nd2 Rd7 30. g3 Nd5 31. Ne4 h6 32. Rc6 f5 33. Nd2 Ke7 34. Nf3 Rd6 35. Nxe5 Rxc6 36. Nxc6+ Kd6 37. Nd4 Nxc3+ 38. Kd3 Nd5 39. Nxf5+ Ke5 40. Nxg7 Nxb4+ 41. Kc4 Nd5 42. Kc5 Ne7 43. f3 c6 44. Nh5 Kf5 45. Nf4 Ke5 46. Ne2 h5 47. Nd4 Kf6 48. Nxc6 Nf5 49. Nd4 Ne3 50. Ne2 Ke5 51. h3 Nf1 52. f4+ Kf5 53. Kd4 Nh2 54. Ke3 Nf1+ 55. Kf2 Nd2 56. Nd4+ Ke4 57. Ne6 h4 58. g4 Nc4 59. f5 Nd6 60. Ng5+ 1-0

[Event "EU-ch U16 25th"]
[Site "Porec"]
[Date "2015.09.28"]
[Round "7"]
[White "Sirp, Karl Aleksander"]
[Black "Schweighoffer, Martin"]
[Result "1/2-1/2"]
[WhiteElo "1856"]
[BlackElo "2084"]
[PlyCount "116"]
[EventDate "2015.09.21"]
[EventType "swiss"]
[EventRounds "9"]
[EventCountry "CRO"]
[SourceTitle "EXT 2016"]
[Source "ChessBase"]
[SourceDate "2015.10.08"]
[SourceVersion "1"]
[SourceVersionDate "2015.10.08"]
[SourceQuality "1"]

1. e4 e5 2. d4 exd4 3. Qxd4 Nc6 4. Qe3 Bb4+ 5. Nc3 Bxc3+ 6. Qxc3 Qf6 7. Bd2 d6 8. 0-0-0 Bd7 9. f4 0-0-0 10. Nf3 Qxc3 11. Bxc3 f6 12. h3 h5 13. Bc4 Nh6 14. Rhe1 Rhe8 15. e5 fxe5 16. fxe5 dxe5 17. Nxe5 Nxe5 18. Rxe5 Rxe5 19. Bxe5 Nf5 20. Bf4 Rf8 21. Bg5 Nd6 22. Bd5 Re8 23. Bf4 g6 24. Bxd6 cxd6 25. Bf7 Re2 26. Bxg6 Rxg2 27. Bxh5 Bxh3 28. Rxd6 Bf5 29. Bd1 Kc7 30. Rd4 b6 31. b3 Rf2 32. Kb2 a5 33. a3 Kc6 34. Rc4+ Kd6 35. Bh5 Bh3 36. Be8 Bg2 37. b4 Re2 38. Bg6 axb4 39. axb4 Bd5 40. Rc3 Rg2 41. Bd3 Rg4 42. Ka3 Rg8 43. b5 Rf8 44. Kb4 Rf4+ 45. Bc4 Bb7 46. Rd3+ Kc7 47. Kc3 Rf3 48. Rxf3 Bxf3 49. Kd4 Kd6 50. Bd3 Bg2 51. c4 Kc7 52. Be4 Bf1 53. Bd3 Bg2 54. c5 bxc5+ 55. Kxc5 Kb7 56. Bf5 Bh1 57. Bd7 Bg2 58. Kd6 Kb6 1/2-1/2

[Event "EU-ch U16 25th"]
[Site "Porec"]
[Date "2015.09.25"]
[Round "5"]
[White "Sirp, Karl Aleksander"]
[Black "Percivaldi, Martin"]
[Result "0-1"]
[WhiteElo "1856"]
[BlackElo "2246"]
[PlyCount "64"]
[EventDate "2015.09.21"]
[EventType "swiss"]
[EventRounds "9"]
[EventCountry "CRO"]
[SourceTitle "EXT 2016"]
[Source "ChessBase"]
[SourceDate "2015.10.08"]
[SourceVersion "1"]
[SourceVersionDate "2015.10.08"]
[SourceQuality "1"]

1. e4 e6 2. d4 d5 3. Nc3 Nf6 4. Bg5 Bb4 5. exd5 Qxd5 6. Bxf6 Bxc3+ 7. bxc3 gxf6 8. Qd2 Nd7 9. Nf3 b6 10. c4 Qd6 11. g3 Bb7 12. Bg2 0-0-0 13. Qc3 c5 14. 0-0 cxd4 15. Nxd4 Bxg2 16. Kxg2 Ne5 17. Nb5 Qc6+ 18. f3 Qxc4 19. Qb3 Kb7 20. Qxc4 Nxc4 21. Rf2 a6 22. Nc3 a5 23. Re1 Rd4 24. f4 Rc8 25. Nd1 Rxd1 26. Rxd1 Ne3+ 27. Kh3 Nxd1 28. Rd2 Ne3 29. Kh4 Rxc2 30. Rxc2 Nxc2 31. Kh5 b5 32. Kh6 b4 0-1

[Event "EU-ch U16 25th"]
[Site "Porec"]
[Date "2015.09.24"]
[Round "4"]
[White "Sawlin, Leonid"]
[Black "Sirp, Karl Aleksander"]
[Result "1-0"]
[WhiteElo "2258"]
[BlackElo "1856"]
[PlyCount "41"]
[EventDate "2015.09.21"]
[EventType "swiss"]
[EventRounds "9"]
[EventCountry "CRO"]
[SourceTitle "EXT 2016"]
[Source "ChessBase"]
[SourceDate "2015.10.08"]
[SourceVersion "1"]
[SourceVersionDate "2015.10.08"]
[SourceQuality "1"]

1. e4 c5 2. Nf3 d6 3. d4 cxd4 4. Nxd4 Nf6 5. Nc3 a6 6. h3 e5 7. Nde2 Be7 8. g4 Be6 9. Bg2 0-0 10. 0-0 b5 11. f4 b4 12. Nd5 Bxd5 13. exd5 exf4 14. Bxf4 Nfd7 15. Qd2 Qb6+ 16. Be3 Nc5 17. a3 b3 18. Nd4 Bf6 19. Rxf6 gxf6 20. Nf5 Nbd7 21. Bd4 1-0

[Event "EU-ch U16 25th"]
[Site "Porec"]
[Date "2015.09.21"]
[Round "1"]
[White "Sirp, Karl Aleksander"]
[Black "Lazov, Toni"]
[Result "1-0"]
[WhiteElo "1856"]
[BlackElo "2223"]
[PlyCount "57"]
[EventDate "2015.09.21"]
[EventType "swiss"]
[EventRounds "9"]
[EventCountry "CRO"]
[SourceTitle "EXT 2016"]
[Source "ChessBase"]
[SourceDate "2015.10.08"]
[SourceVersion "1"]
[SourceVersionDate "2015.10.08"]
[SourceQuality "1"]

1. e4 c5 2. Nf3 d6 3. d4 cxd4 4. Nxd4 Nf6 5. Nc3 a6 6. Be2 e5 7. Nb3 Be7 8. Be3 Be6 9. 0-0 Nbd7 10. Qd2 b5 11. Bf3 Rc8 12. a4 b4 13. Nd5 Nxd5 14. exd5 Bf5 15. Qxb4 Rxc2 16. Na5 Qb8 17. Qxb8+ Nxb8 18. g4 Bg6 19. Rfc1 Kd7 20. Rxc2 Bxc2 21. b4 Rc8 22. b5 e4 23. Be2 Bd8 24. bxa6 Bxa5 25. a7 Nc6 26. dxc6+ Kxc6 27. Rc1 Kb7 28. Bd1 Bb6 29. Rxc2 1-0

[Event "Viljandi Raud Memorial 49th"]
[Site "Viljandi"]
[Date "2015.07.04"]
[Round "8"]
[White "Vorobjov, Pavel"]
[Black "Sirp, Karl Aleksander"]
[Result "1-0"]
[WhiteElo "2201"]
[BlackElo "1767"]
[PlyCount "65"]
[EventDate "2015.06.29"]
[EventType "swiss"]
[EventRounds "9"]
[EventCountry "EST"]
[SourceTitle "CBM 167 Extra"]
[Source "ChessBase"]
[SourceDate "2015.09.14"]
[SourceVersion "1"]
[SourceVersionDate "2015.09.14"]
[SourceQuality "1"]

1. Nf3 d5 2. g3 Nf6 3. Bg2 g6 4. c4 Bg7 5. cxd5 Nxd5 6. d4 0-0 7. 0-0 c6 8. h3 Nd7 9. e4 N5b6 10. Nc3 e5 11. Bg5 Bf6 12. Bxf6 Qxf6 13. dxe5 Nxe5 14. Nxe5 Qxe5 15. f4 Qc5+ 16. Kh2 Nc4 17. Rf3 Be6 18. Qc1 Qh5 19. f5 Ne5 20. Qf4 Nxf3+ 21. Bxf3 g5 22. Qe3 Qh6 23. fxe6 fxe6 24. e5 Rad8 25. Ne4 Rf5 26. Nf6+ Rxf6 27. exf6 Qxf6 28. Re1 Rf8 29. Bg2 Qxb2 30. Qxe6+ Kg7 31. Qg4 h6 32. Re2 Qf6 33. Re6 1-0

[Event "EST-ch sf"]
[Site "Tallinn"]
[Date "2015.03.05"]
[Round "1"]
[White "Sirp, Karl Aleksander"]
[Black "Vorobjov, Pavel"]
[Result "0-1"]
[WhiteElo "1815"]
[BlackElo "2231"]
[PlyCount "58"]
[EventDate "2015.03.05"]
[EventType "swiss"]
[EventRounds "7"]
[EventCountry "EST"]
[SourceTitle "CBM 165 Extra"]
[Source "ChessBase"]
[SourceDate "2015.04.21"]
[SourceVersion "1"]
[SourceVersionDate "2015.04.21"]
[SourceQuality "1"]

1. e4 c5 2. d4 cxd4 3. c3 dxc3 4. Nxc3 Nc6 5. Nf3 e6 6. Bc4 Qc7 7. 0-0 Nf6 8. Qe2 Ng4 9. Nb5 Qb8 10. Rd1 a6 11. Nbd4 Nxd4 12. Rxd4 Bc5 13. Rd2 Bxf2+ 14. Kh1 b5 15. Bb3 Bb6 16. Qf1 Bb7 17. h3 h5 18. Re2 Bxe4 19. Rxe4 Nf2+ 20. Qxf2 Bxf2 21. Bf4 Qb6 22. Rd1 0-0 23. Ne5 d5 24. Re2 Rfd8 25. Rf1 Bd4 26. Nxf7 Rf8 27. Ng5 Be3 28. Rxe3 Rxf4 29. Rfe1 Rf1+ 0-1

[Event "Viljandi Raud Memorial 48th"]
[Site "Viljandi"]
[Date "2014.07.03"]
[Round "5"]
[White "Sirosh, Ilja"]
[Black "Sirp, Karl Aleksander"]
[Result "1-0"]
[WhiteElo "2095"]
[BlackElo "1785"]
[PlyCount "41"]
[EventDate "2014.06.30"]
[EventType "swiss"]
[EventRounds "9"]
[EventCountry "EST"]
[SourceTitle "CBM 161 Extra"]
[Source "ChessBase"]
[SourceDate "2014.08.29"]
[SourceVersion "1"]
[SourceVersionDate "2014.08.29"]
[SourceQuality "1"]

1. e4 c5 2. Nf3 e6 3. d4 cxd4 4. Nxd4 Nc6 5. Nc3 Nf6 6. Ndb5 d6 7. Bf4 e5 8. Bg5 a6 9. Na3 b5 10. Nd5 Be7 11. Bxf6 Bxf6 12. c4 Nd4 13. cxb5 axb5 14. Nxb5 Nxb5 15. Bxb5+ Bd7 16. Bxd7+ Kxd7 17. 0-0 h5 18. b4 Qb8 19. a4 Qb7 20. a5 Ke6 21. b5 1-0